Artists / Singers by their Songs #10 - Statistics

General Stats
  • This quiz has been taken 359 times
  • The average score is 8 of 10
Answer Stats
Hint Answer % Correct
Thriller / Billie Jean / Smooth Criminal / Black or White Michael Jackson
100%
Whenever, Wherever / Hips Don't Lie / Waka Waka / She Wolf Shakira
97%
Bohemian Rhapsody / We Are the Champions / We Will Rock You / Another One Bites the Dust Queen
96%
Mamma Mia / Dancing Queen / Waterloo / The Winner Takes It All ABBA
92%
Crazy in Love / Irreplaceable / Halo / Texas Hold 'Em Beyoncé
90%
Wonderwall / Stop Crying Your Heart Out / Don’t Look Back in Anger / Supersonic Oasis
79%
Levels / Wake Me Up / Hey Brother / The Nights Avicii
73%
In the Air Tonight / Another Day in Paradise / You'll Be in My Heart / Against All Odds (Take a Look at Me Now) Phil Collins
62%
I'm Like a Bird / Promiscuous / Maneater / Say It Right Nelly Furtado
50%
Bleeding Love / Better in Time / Run / A Moment Like This Leona Lewis
35%
No matching quizzes found
Score Distribution
Percent of People with Each Score
Percentile by Number Answered
Your Score History
You have not taken this quiz